000 00359nam a22001451a 4500
082 _aM3
_bKUN/M
100 _aKunhikrishna Menon Oduvil
245 _aMalathi/
_cby Kunhikrishna Menon Oduvil
260 _aKozhikode:
_bHaritham,
_c2003.
300 _a64p.
650 _aNovel Malayalam
650 _aLiterature Malayalam
650 _aLiterature
942 _cBK
999 _c27045
_d27045